000 00922cam a2200277 a 4500
001 000004894
005 20200929151528.0
008 931122s1999 sp 000 p spa d
020 _z8420634182
040 _aDO-SdBNP
_cCOn
_dDLC
082 _aCh861.4
_bN454vei
100 1 _aNeruda, Pablo,
_d1904-1973
_99164
245 1 0 _aVeinte poemas de amor y una canción desesperada /
_cPablo Neruda ; prólogo de Jorge Edwards.
260 _aMadrid :
_bAlianza,
_c1999.
300 _a118 p. ;
_c17 cm.
490 1 _aLibro de bolsillo. Literatura
490 1 _aLiteratura Hispanoamericana. Contemporáneos
650 4 _aPoesía chilena
_99166
650 4 _aLiteratura chilena
_93164
700 1 _aEdwards, Jorge,
_epról.
_914158
830 0 _aLibro de bolsillo. Literatura
_99889
830 0 _aLiteratura Hispanoamericana Contemporáneos
_914159
910 _aCatalogación por copia / LC
910 _aWM
049 _aBNGR
999 _c4700
_d4700